| 000 | 00520nam a22002057a 4500 | ||
|---|---|---|---|
| 003 | PILC | ||
| 005 | 20160217145728.0 | ||
| 008 | 121119t xxu||||| |||| 00| 0 eng d | ||
| 020 | _a0394558871 | ||
| 050 |
_aPR 6068 _b.R282 1986 |
||
| 082 |
_aFIC _bR22f 1986 |
||
| 100 |
_aRead, Piers Paul _920828 |
||
| 245 |
_aThe free frenchman _cPiers Paul Read |
||
| 260 |
_aNew York : _bRandom House Inc., _c1986. |
||
| 300 |
_a584 p. : _c24 cm. |
||
| 562 | _e1 | ||
| 650 |
_aFiction. _9746 |
||
| 942 |
_2lcc _cBK |
||
| 999 |
_c1209 _d1209 |
||